000 00315nam a2200133Ia 4500
005 20251222143226.0
008 251222s9999||||xx |||||||||||||| ||spa||
020 _a9974-39-591-7
082 _a708.895/S31
100 _aSclavo, Fidel
245 0 _aHistorias que Quedan en Nada
264 _bTradinco
942 _cLIB
999 _c13993
_d13993